[Event "Madrid ch 2018 - semifinal"]
[Site "Madrid ESP"]
[Date "2018.05.07"]
[Round "3.2"]
[White "Fernandez Lledo, Javier"]
[Black "Aguilera Lopez, Alejandro"]
[Result "1-0"]
[WhiteElo "2241"]
[BlackElo "2098"]
[PlyCount "125"]
[EventDate "2018.05.05"]
[EventType "swiss"]
[EventRounds "9"]
[EventCountry "ESP"]
[SourceTitle "Ajedrez en Madrid"]
[Source "lmi"]
[SourceDate "2018.05.05"]
[SourceVersion "1"]
[SourceVersionDate "2019.03.14"]
[SourceQuality "1"]

1. e4 c5 2. Nf3 e6 3. b3 d5 4. exd5 exd5 5. Bb5+ Nc6 6. O-O Bd6 7. Bb2 f6 8.
Ng5 Bf5 9. Qh5+ Bg6 10. Qh3 Qc8 11. Bxc6+ bxc6 12. Re1+ Ne7 13. Ne6 Kf7 14. Qc3
Nf5 15. Nxc5 Be5 16. Rxe5 fxe5 17. Nd3 Re8 18. Nxe5+ Kg8 19. Na3 Qb7 20. Qxc6
Qxc6 21. Nxc6 Nd6 22. d3 a6 23. Nd4 Rac8 24. Kf1 Nb5 25. Naxb5 axb5 26. Re1 b4
27. Rxe8+ Bxe8 28. a4 bxa3 29. Bxa3 Bd7 30. Ke2 Kf7 31. Kd2 Ra8 32. Bb2 Ra6 33.
Nf3 g6 34. Ne5+ Ke6 35. Nxd7 Kxd7 36. c4 Ra8 37. Bd4 Ra2+ 38. Kc3 Ra1 39. h4
Kd6 40. Be3 Ra2 41. b4 Ra3+ 42. Kd4 Rb3 43. b5 Ke6 44. Bf4 Rb2 45. Bg3 Rb3 46.
Bc7 Rb2 47. cxd5+ Kd7 48. b6 Rxf2 49. g3 Rb2 50. Ke5 Rb3 51. Kf6 Rxd3 52. Bf4
Rb3 53. Kg7 Ke7 54. Kxh7 Kf7 55. d6 Rb5 56. Bg5 Ke6 57. Kxg6 Kxd6 58. Bf4+ Ke7
59. Bc7 Kf8 60. h5 Kg8 61. Kf6 Kh7 62. Ke6 Kh6 63. Kd7 1-0

[Event "Madrid ch 2018 - semifinal"]
[Site "Madrid ESP"]
[Date "2018.05.07"]
[Round "3.3"]
[White "Perez Diez, Victor"]
[Black "Perez Gonzalez, Jose Manuel"]
[Result "0-1"]
[WhiteElo "1964"]
[BlackElo "2252"]
[PlyCount "124"]
[EventDate "2018.05.05"]
[EventType "swiss"]
[EventRounds "9"]
[EventCountry "ESP"]
[SourceTitle "Ajedrez en Madrid"]
[Source "lmi"]
[SourceDate "2018.05.05"]
[SourceVersion "1"]
[SourceVersionDate "2019.03.14"]
[SourceQuality "1"]

1. e4 c5 2. Nc3 Nc6 3. g3 g6 4. Bg2 Bg7 5. d3 d6 6. Be3 Nf6 7. h3 O-O 8. Qd2
Re8 9. f4 Rb8 10. Nf3 b5 11. Ne2 Nd7 12. c3 b4 13. O-O bxc3 14. bxc3 Ba6 15.
Rab1 Qa5 16. g4 Rb6 17. Rxb6 Qxb6 18. f5 Rb8 19. fxg6 hxg6 20. Rc1 Qb2 21. Rc2
Qb1+ 22. Kf2 Nde5 23. Nxe5 Nxe5 24. c4 Rb2 25. Rxb2 Nxd3+ 26. Kg3 Bxb2 27. Nc3
Qe1+ 28. Qxe1 Nxe1 29. Nd5 e6 30. Ne7+ Kf8 31. Nc6 Bxc4 32. Bh1 Nd3 33. Nxa7
Bxa2 34. Kf3 Ke7 35. h4 Ne5+ 36. Kf4 c4 37. Nc8+ Kd7 38. Nb6+ Kc6 39. Na4 Nd3+
40. Kf3 Be5 41. Bd2 Bb3 42. Nc3 Nc5 43. Ke3 Na4 44. Nxa4 Bxa4 45. h5 gxh5 46.
gxh5 Bd1 47. h6 Bh5 48. Bg2 Bg6 49. Bf3 Kc5 50. Ba5 Bb2 51. Kd2 Bf6 52. Ke2 d5
53. exd5 exd5 54. Bd2 d4 55. Kd1 c3 56. Bc1 d3 57. Be3+ Kc4 58. Kc1 d2+ 59. Kd1
Kd3 60. Be2+ Kxe3 61. Bd3 Kxd3 62. h7 c2# 0-1

[Event "Madrid ch 2018 - semifinal"]
[Site "Madrid ESP"]
[Date "2018.05.07"]
[Round "3.4"]
[White "Paarup, Torsten"]
[Black "De La Fuente Gonzalez, Francisco"]
[Result "1/2-1/2"]
[WhiteElo "2007"]
[BlackElo "2213"]
[PlyCount "45"]
[EventDate "2018.05.05"]
[EventType "swiss"]
[EventRounds "9"]
[EventCountry "ESP"]
[SourceTitle "Ajedrez en Madrid"]
[Source "lmi"]
[SourceDate "2018.05.05"]
[SourceVersion "1"]
[SourceVersionDate "2019.03.14"]
[SourceQuality "1"]

1. e4 e5 2. Nf3 Nf6 3. Nc3 Bb4 4. Nxe5 O-O 5. Nd3 Bxc3 6. dxc3 Nxe4 7. Nf4 c6
8. c4 d6 9. Be2 Na6 10. O-O Nac5 11. Re1 Bf5 12. f3 Ng5 13. Be3 Re8 14. Qd2
Nge6 15. Rad1 Qf6 16. c3 Nxf4 17. Bxf4 Bc2 18. Rc1 Bd3 19. Bg3 Qg6 20. Rcd1 Bc2
21. Rc1 Bd3 22. Rcd1 Bc2 23. Rc1 1/2-1/2

[Event "Madrid ch 2018 - semifinal"]
[Site "Madrid ESP"]
[Date "2018.05.07"]
[Round "3.5"]
[White "Lin, Yingrui"]
[Black "Pindado Campos, Raul"]
[Result "1/2-1/2"]
[WhiteElo "2188"]
[BlackElo "2018"]
[PlyCount "144"]
[EventDate "2018.05.05"]
[EventType "swiss"]
[EventRounds "9"]
[EventCountry "ESP"]
[SourceTitle "Ajedrez en Madrid"]
[Source "lmi"]
[SourceDate "2018.05.05"]
[SourceVersion "1"]
[SourceVersionDate "2019.03.14"]
[SourceQuality "1"]

1. d4 d5 2. Nf3 Nf6 3. Bf4 Bf5 4. e3 e6 5. Be2 Bd6 6. Ne5 Bxe5 7. Bxe5 Nbd7 8.
Bf4 h6 9. Nd2 Ne4 10. Nxe4 Bxe4 11. O-O O-O 12. c4 dxc4 13. Bxc4 Nb6 14. Bd3
Bxd3 15. Qxd3 c5 16. Rad1 cxd4 17. Qxd4 Qxd4 18. Rxd4 Rfc8 19. Rfd1 Rc2 20.
R1d2 Rac8 21. g4 f6 22. e4 R2c6 23. b3 f5 24. f3 fxe4 25. fxe4 e5 26. Be3 Rg6
27. Rd8+ Rxd8 28. Rxd8+ Kf7 29. h3 Re6 30. Kf2 Re7 31. Ke2 Rc7 32. Rd6 Nc8 33.
Rd5 Ke6 34. Rc5 Rxc5 35. Bxc5 b6 36. Be3 Nd6 37. Kd3 Kd7 38. Bd2 b5 39. h4 a6
40. Bb4 g6 41. h5 gxh5 42. gxh5 Ne8 43. Bf8 Nf6 44. Bg7 Ke6 45. Bxh6 Nxh5 46.
Ke3 Nf6 47. Kf3 Ne8 48. Bf8 Nf6 49. Bg7 Ne8 50. Bh6 Nf6 51. Bg5 Ne8 52. Bd8 Kd7
53. Bb6 Nf6 54. Ke3 Ne8 55. Kd3 Nf6 56. Be3 Ne8 57. Bf2 Nf6 58. Bg3 Kd6 59. Bh4
Nd7 60. Bd8 Nc5+ 61. Ke3 Nd7 62. Bg5 Nc5 63. Bh6 Nd7 64. Bg7 Kc5 65. a3 Kd6 66.
Kf3 Ke6 67. Bh6 Nc5 68. b4 Nd7 69. Be3 Nf6 70. Bb6 Ne8 71. Bc5 Nf6 72. Be3 Ne8
1/2-1/2

[Event "Madrid ch 2018 - semifinal"]
[Site "Madrid ESP"]
[Date "2018.05.07"]
[Round "3.6"]
[White "Torres Boch, Jose Francisco"]
[Black "Santamaria Baeza, Adolfo"]
[Result "1-0"]
[WhiteElo "2137"]
[BlackElo "1901"]
[PlyCount "61"]
[EventDate "2018.05.05"]
[EventType "swiss"]
[EventRounds "9"]
[EventCountry "ESP"]
[SourceTitle "Ajedrez en Madrid"]
[Source "lmi"]
[SourceDate "2018.05.05"]
[SourceVersion "1"]
[SourceVersionDate "2019.03.14"]
[SourceQuality "1"]

1. e4 e5 2. Bc4 Nc6 3. f4 exf4 4. d4 Qh4+ 5. Kf1 d5 6. Nf3 Bg4 7. exd5 Bxf3 8.
Qxf3 Nb4 9. c3 Na6 10. Bb5+ Kd8 11. Bxf4 Qf6 12. Nd2 g5 13. Re1 Be7 14. Be5
Qxf3+ 15. Nxf3 f6 16. Nxg5 Nh6 17. Ne6+ Kc8 18. Bf4 Nf5 19. Bxa6 bxa6 20. Nxc7
Rb8 21. b3 Rb6 22. c4 Bb4 23. Re4 Bc3 24. Ne6 Re8 25. g4 Nxd4 26. Be3 Nf3 27.
Ke2 Ne5 28. Bxb6 axb6 29. Rc1 Bb4 30. c5 b5 31. Rxb4 1-0

[Event "Madrid ch 2018 - semifinal"]
[Site "Madrid ESP"]
[Date "2018.05.07"]
[Round "3.7"]
[White "Nuñez Muñoz, Jesus"]
[Black "Fernandez Aransay, Fernando"]
[Result "1-0"]
[WhiteElo "2193"]
[BlackElo "1871"]
[PlyCount "73"]
[EventDate "2018.05.05"]
[EventType "swiss"]
[EventRounds "9"]
[EventCountry "ESP"]
[SourceTitle "Ajedrez en Madrid"]
[Source "lmi"]
[SourceDate "2018.05.05"]
[SourceVersion "1"]
[SourceVersionDate "2019.03.14"]
[SourceQuality "1"]

1. e4 c5 2. Nf3 d6 3. d4 cxd4 4. Nxd4 Nf6 5. Nc3 g6 6. Be3 Bg7 7. f3 O-O 8. Qd2
Nc6 9. O-O-O d5 10. exd5 Nxd5 11. Nxc6 bxc6 12. Bd4 e5 13. Bc5 Be6 14. Ne4 Qc7
15. g4 Rfd8 16. Qe1 Nf4 17. Rxd8+ Rxd8 18. h4 Qd7 19. Rh2 f5 20. Rd2 Qc8 21.
gxf5 Rxd2 22. Qxd2 gxf5 23. Ng5 h6 24. Ba6 Qe8 25. Nxe6 Qxe6 26. Qd8+ Kh7 27.
b3 Qg6 28. Bc4 Ne6 29. Qc8 Qg3 30. Bb4 Qg1+ 31. Kb2 e4+ 32. c3 Qf2+ 33. Ka3 c5
34. Ba5 Nf8 35. Qxf5+ Kh8 36. Qf7 Kh7 37. h5 1-0

[Event "Madrid ch 2018 - semifinal"]
[Site "Madrid ESP"]
[Date "2018.05.07"]
[Round "3.8"]
[White "Sanchez Garcia, Aurelio"]
[Black "Ruiz Quevedo, Andres"]
[Result "1-0"]
[WhiteElo "2060"]
[BlackElo "1895"]
[PlyCount "79"]
[EventDate "2018.05.05"]
[EventType "swiss"]
[EventRounds "9"]
[EventCountry "ESP"]
[SourceTitle "Ajedrez en Madrid"]
[Source "lmi"]
[SourceDate "2018.05.05"]
[SourceVersion "1"]
[SourceVersionDate "2019.03.14"]
[SourceQuality "1"]

1. Nf3 c5 2. e3 Nf6 3. d4 e6 4. c4 cxd4 5. exd4 Bb4+ 6. Nbd2 O-O 7. a3 Bxd2+ 8.
Bxd2 b6 9. b4 Bb7 10. Bd3 d6 11. O-O Nbd7 12. Re1 e5 13. dxe5 dxe5 14. Bf5 Qc7
15. Rc1 Rae8 16. Be3 e4 17. Nd4 Ne5 18. Nb5 Qb8 19. Bf4 Rd8 20. Qe2 Rfe8 21.
Red1 a6 22. Nc3 Qa8 23. Rxd8 Qxd8 24. Bxe5 Rxe5 25. Bh3 h5 26. Nd1 Qd3 27. Qb2
Re8 28. g3 h4 29. Ne3 hxg3 30. hxg3 Rd8 31. Rd1 Qxd1+ 32. Nxd1 Rxd1+ 33. Bf1 e3
34. fxe3 Bf3 35. Kf2 Bg4 36. Bg2 Bf5 37. Bf3 Rb1 38. Qd4 Bh3 39. Qd8+ Kh7 40.
Qd3+ 1-0

[Event "Madrid ch 2018 - semifinal"]
[Site "Madrid ESP"]
[Date "2018.05.07"]
[Round "3.9"]
[White "Barragan Arriaza, Pablo"]
[Black "Carrasco Coquillat, Jorge"]
[Result "1/2-1/2"]
[WhiteElo "2030"]
[BlackElo "1840"]
[PlyCount "42"]
[EventDate "2018.05.05"]
[EventType "swiss"]
[EventRounds "9"]
[EventCountry "ESP"]
[SourceTitle "Ajedrez en Madrid"]
[Source "lmi"]
[SourceDate "2018.05.05"]
[SourceVersion "1"]
[SourceVersionDate "2019.03.14"]
[SourceQuality "1"]

1. c4 c5 2. g3 Nf6 3. Bg2 g6 4. Nc3 Bg7 5. d3 Nc6 6. e4 O-O 7. Nge2 d6 8. h3
Rb8 9. O-O a6 10. a4 Ne8 11. Be3 Nc7 12. d4 cxd4 13. Nxd4 Bd7 14. Rb1 Nxd4 15.
Bxd4 Bxd4 16. Qxd4 b5 17. axb5 axb5 18. cxb5 Nxb5 19. Nxb5 Bxb5 20. Rfd1 Qb6
21. b4 Qxd4 1/2-1/2

[Event "Madrid ch 2018 - semifinal"]
[Site "Madrid ESP"]
[Date "2018.05.07"]
[Round "3.10"]
[White "Cardena Contreras, Javier"]
[Black "Lopez De Turiso, Jose Angel"]
[Result "0-1"]
[WhiteElo "1909"]
[BlackElo "2022"]
[PlyCount "114"]
[EventDate "2018.05.05"]
[EventType "swiss"]
[EventRounds "9"]
[EventCountry "ESP"]
[SourceTitle "Ajedrez en Madrid"]
[Source "lmi"]
[SourceDate "2018.05.05"]
[SourceVersion "1"]
[SourceVersionDate "2019.03.14"]
[SourceQuality "1"]

1. e4 e5 2. Bc4 Nf6 3. d3 Nc6 4. Nf3 Be7 5. Nc3 d6 6. h3 Na5 7. O-O Nxc4 8.
dxc4 O-O 9. Qe2 c6 10. Rd1 Qc7 11. a3 h6 12. b4 Be6 13. Be3 Nd7 14. Nd2 f5 15.
exf5 Rxf5 16. Nde4 Nf8 17. Ng3 Rf7 18. Rd2 Rd8 19. Rad1 Bh4 20. Nge4 Be7 21. b5
Ng6 22. c5 d5 23. b6 Qb8 24. bxa7 Qxa7 25. Qh5 Kh7 26. Bg5 Rf5 27. g4 Rxg5 28.
Nxg5+ Bxg5 29. Ne4 Bxd2 30. Rxd2 dxe4 31. Rxd8 Qxc5 32. g5 e3 33. Qe2 exf2+ 34.
Qxf2 Qxf2+ 35. Kxf2 b5 36. gxh6 Kxh6 37. Rd6 Bd5 38. c4 Bxc4 39. Rxc6 Bd3 40.
Ke3 e4 41. Rc5 Nh4 42. Kf2 g6 43. Kg3 Nf5+ 44. Kf4 Nd4 45. Rc8 Nc2 46. Ke5 Kg5
47. Rc3 Kh4 48. Kf6 Kxh3 49. Kxg6 Kg4 50. Kf6 Kf4 51. Rc8 Nxa3 52. Ke6 Nc2 53.
Kd5 e3 54. Re8 e2 55. Rf8+ Ke3 56. Re8+ Kd2 57. Kc5 e1=Q 0-1

[Event "Madrid ch 2018 - semifinal"]
[Site "Madrid ESP"]
[Date "2018.05.07"]
[Round "3.11"]
[White "Marcos Herrero, Francisco"]
[Black "Vukotic Jovsic, Dragan"]
[Result "1/2-1/2"]
[WhiteElo "1896"]
[BlackElo "1958"]
[PlyCount "83"]
[EventDate "2018.05.05"]
[EventType "swiss"]
[EventRounds "9"]
[EventCountry "ESP"]
[SourceTitle "Ajedrez en Madrid"]
[Source "lmi"]
[SourceDate "2018.05.05"]
[SourceVersion "1"]
[SourceVersionDate "2019.03.14"]
[SourceQuality "1"]

1. Nf3 d5 2. c4 d4 3. e3 c5 4. b4 b6 5. Nxd4 cxd4 6. Qf3 dxe3 7. fxe3 Nc6 8.
Qxc6+ Bd7 9. Qf3 e6 10. Bb2 Nf6 11. a3 Be7 12. Be2 O-O 13. O-O Qc7 14. Bxf6
Bxf6 15. Nc3 Bc6 16. Qg4 Bxc3 17. dxc3 Qe5 18. Qd4 Qg5 19. Bf3 e5 20. Qd2 Rad8
21. Qc1 Bxf3 22. Rxf3 e4 23. Rf4 f5 24. Ra2 Rd3 25. h4 Qg3 26. Raf2 Rfd8 27.
Rf1 Rd2 28. R4f2 Qxe3 29. Kh1 g6 30. Rxd2 Rxd2 31. Rd1 Rxd1+ 32. Qxd1 Qd3 33.
Qa4 Qf1+ 34. Kh2 Qf4+ 35. Kg1 Qxh4 36. c5 bxc5 37. bxc5 Qe1+ 38. Kh2 Qxc3 39.
Qe8+ Kg7 40. Qe7+ Kh6 41. Qh4+ Kg7 42. Qe7+ 1/2-1/2

[Event "Madrid ch 2018 - semifinal"]
[Site "Madrid ESP"]
[Date "2018.05.07"]
[Round "3.12"]
[White "Cabañas Bravo, Juan Andres"]
[Black "Martinez Aragon, Aitor"]
[Result "1-0"]
[WhiteElo "1936"]
[BlackElo "1823"]
[PlyCount "123"]
[EventDate "2018.05.05"]
[EventType "swiss"]
[EventRounds "9"]
[EventCountry "ESP"]
[SourceTitle "Ajedrez en Madrid"]
[Source "lmi"]
[SourceDate "2018.05.05"]
[SourceVersion "1"]
[SourceVersionDate "2019.03.14"]
[SourceQuality "1"]

1. e4 c5 2. Nf3 e6 3. d4 cxd4 4. Nxd4 a6 5. Nc3 Qc7 6. Qf3 Nf6 7. Bf4 d6 8. Bg3
Be7 9. Bd3 O-O 10. O-O Nc6 11. Nxc6 Qxc6 12. a4 b6 13. Rad1 Bb7 14. Qe2 Nd7 15.
Nd5 Bd8 16. Nb4 Qc7 17. Nxa6 Qc8 18. Bxd6 Bxa6 19. Bxa6 Rxa6 20. Bxf8 Kxf8 21.
Rxd7 Rxa4 22. Rfd1 Be7 23. b3 Ra2 24. R7d2 Bg5 25. f4 Qc5+ 26. Qf2 Bxf4 27.
Rd8+ Ke7 28. R8d7+ Kf6 29. Qxc5 bxc5 30. Rf1 Ke5 31. Rxf7 Be3+ 32. Kh1 Rxc2 33.
Rxg7 h6 34. h4 Rb2 35. Rb7 Kxe4 36. Re1 Kd3 37. Rd7+ Ke4 38. Rd6 Rxb3 39. Rxe6+
Kd4 40. Rd1+ Kc4 41. g4 Rd3 42. Re1 Bd2 43. R1e4+ Rd4 44. Kg2 Rxe4 45. Rxe4+
Kd3 46. Re8 c4 47. Kf2 c3 48. Rd8+ Ke4 49. Ke2 Kf4 50. Rd4+ Kg3 51. g5 hxg5 52.
h5 g4 53. Rxd2 cxd2 54. h6 d1=Q+ 55. Kxd1 Kf2 56. h7 g3 57. h8=Q g2 58. Qf6+
Kg3 59. Qg5+ Kh2 60. Qh4+ Kg1 61. Kd2 Kf1 62. Qe1# 1-0

[Event "Madrid ch 2018 - semifinal"]
[Site "Madrid ESP"]
[Date "2018.05.07"]
[Round "3.13"]
[White "Fernandez Garcia, Ignacio"]
[Black "Cuellar Gutierrez, Raul"]
[Result "0-1"]
[WhiteElo "1804"]
[BlackElo "1922"]
[PlyCount "64"]
[EventDate "2018.05.05"]
[EventType "swiss"]
[EventRounds "9"]
[EventCountry "ESP"]
[SourceTitle "Ajedrez en Madrid"]
[Source "lmi"]
[SourceDate "2018.05.05"]
[SourceVersion "1"]
[SourceVersionDate "2019.03.14"]
[SourceQuality "1"]

1. e4 e6 2. d4 d5 3. e5 c5 4. c3 Qb6 5. Nf3 Nc6 6. Bd3 cxd4 7. cxd4 Bd7 8. Nc3
Nxd4 9. Ng5 g6 10. O-O Nc6 11. Re1 Nh6 12. Qf3 O-O-O 13. a3 Bg7 14. Bf4 Rdf8
15. Nb5 Kb8 16. Qd1 Ka8 17. Rc1 a6 18. Be3 d4 19. Rxc6 Bxc6 20. Bxd4 Qd8 21.
Nf3 axb5 22. Qb3 Bxf3 23. Bc5 Bc6 24. Bxb5 Qa5 25. Bb4 Qxb5 26. a4 Qd5 27. Qh3
Qxg2+ 28. Qxg2 Bxg2 29. Kxg2 Rd8 30. Bc3 Nf5 31. a5 Bh6 32. Ra1 Bd2 0-1

[Event "Madrid ch 2018 - semifinal"]
[Site "Madrid ESP"]
[Date "2018.05.07"]
[Round "3.14"]
[White "Andrade Sandoval, Jim Carlos"]
[Black "De Luna Butz, Alberto"]
[Result "1-0"]
[WhiteElo "2032"]
[BlackElo "1815"]
[PlyCount "49"]
[EventDate "2018.05.05"]
[EventType "swiss"]
[EventRounds "9"]
[EventCountry "ESP"]
[SourceTitle "Ajedrez en Madrid"]
[Source "lmi"]
[SourceDate "2018.05.05"]
[SourceVersion "1"]
[SourceVersionDate "2019.03.14"]
[SourceQuality "1"]

1. Nf3 Nf6 2. d4 c5 3. c3 cxd4 4. cxd4 d5 5. Nc3 Nc6 6. Bf4 Bf5 7. e3 e6 8. Bb5
Nd7 9. O-O Rc8 10. Qa4 a6 11. Bxc6 Rxc6 12. Ne5 Nxe5 13. Bxe5 f6 14. Bg3 Bd6
15. Rfc1 O-O 16. b4 b5 17. Qb3 Rc4 18. a3 Qc7 19. Ne2 Rc8 20. Rxc4 dxc4 21. Qc3
Kf7 22. Rd1 g5 23. Bxd6 Qxd6 24. Ng3 Bd3 25. Rxd3 1-0

[Event "Madrid ch 2018 - semifinal"]
[Site "Madrid ESP"]
[Date "2018.05.07"]
[Round "3.15"]
[White "Garcia Serrano, Jose Manuel"]
[Black "Carrasco Coquillat, Alvaro"]
[Result "0-1"]
[WhiteElo "1961"]
[BlackElo "1869"]
[PlyCount "26"]
[EventDate "2018.05.05"]
[EventType "swiss"]
[EventRounds "9"]
[EventCountry "ESP"]
[SourceTitle "Ajedrez en Madrid"]
[Source "lmi"]
[SourceDate "2018.05.05"]
[SourceVersion "1"]
[SourceVersionDate "2019.03.14"]
[SourceQuality "1"]

1. e4 d6 2. d4 g6 3. Nc3 Bg7 4. f4 Nf6 5. Nf3 c5 6. e5 Nfd7 7. e6 fxe6 8. Ng5
Nf6 9. Bb5+ Nc6 10. dxc5 h6 11. Qd3 hxg5 12. Qxg6+ Kf8 13. fxg5 Ne5 0-1

[Event "Madrid ch 2018 - semifinal"]
[Site "Madrid ESP"]
[Date "2018.05.07"]
[Round "3.16"]
[White "Rosa Ramirez, Victor Diego"]
[Black "Gortazar Rubial, Javier Maria"]
[Result "1-0"]
[WhiteElo "1884"]
[BlackElo "1610"]
[PlyCount "97"]
[EventDate "2018.05.05"]
[EventType "swiss"]
[EventRounds "9"]
[EventCountry "ESP"]
[SourceTitle "Ajedrez en Madrid"]
[Source "lmi"]
[SourceDate "2018.05.05"]
[SourceVersion "1"]
[SourceVersionDate "2019.03.14"]
[SourceQuality "1"]

1. e4 e5 2. Nf3 Nc6 3. Bc4 Bc5 4. c3 Nf6 5. d4 exd4 6. O-O O-O 7. cxd4 Bb6 8.
Nc3 Nxe4 9. d5 Nxc3 10. bxc3 Ne7 11. d6 cxd6 12. Bg5 Kh8 13. Qxd6 f6 14. Bf4
Nf5 15. Qd5 d6 16. Rae1 Bc5 17. Bd3 Ne7 18. Rxe7 Qxe7 19. Re1 Qd7 20. Qh5 g6
21. Bxg6 Kg8 22. Be4 Qg7 23. Bh6 Qg4 24. Bd5+ Kh8 25. Re7 Rg8 26. Bg7+ Rxg7 27.
Re8+ Rg8 28. Rxg8+ Qxg8 29. Bxg8 Kxg8 30. Qe8+ Kg7 31. Nh4 b6 32. g3 Kh6 33.
Qf8+ Kh5 34. Qg8 Kh6 35. Qf8+ Kh5 36. h3 d5 37. Qxf6 Bxh3 38. Qe5+ Kh6 39. Qf6+
Kh5 40. Nf3 Rg8 41. Qh4+ Kg6 42. Qxh3 Rf8 43. Qg4+ Kf6 44. Nd4 a5 45. Qe6+ Kg5
46. Qxd5+ Kg4 47. Kg2 Bxd4 48. f3+ Rxf3 49. Qxf3+ 1-0

[Event "Madrid ch 2018 - semifinal"]
[Site "Madrid ESP"]
[Date "2018.05.07"]
[Round "3.17"]
[White "Alvarez Abejon, Amilcar"]
[Black "Mkrtchyan, Levon"]
[Result "0-1"]
[WhiteElo "1951"]
[BlackElo "2141"]
[PlyCount "78"]
[EventDate "2018.05.05"]
[EventType "swiss"]
[EventRounds "9"]
[EventCountry "ESP"]
[SourceTitle "Ajedrez en Madrid"]
[Source "lmi"]
[SourceDate "2018.05.05"]
[SourceVersion "1"]
[SourceVersionDate "2019.03.14"]
[SourceQuality "1"]

1. e4 e6 2. d4 d5 3. Nc3 Bb4 4. e5 c5 5. a3 Bxc3+ 6. bxc3 Ne7 7. Qg4 O-O 8. Bd3
Nbc6 9. Qh5 Ng6 10. Nf3 Qc7 11. Be3 c4 12. Bxg6 fxg6 13. Qg4 Qf7 14. Ng5 Qe8
15. h4 Bd7 16. h5 h6 17. Nh3 gxh5 18. Qe2 Qd8 19. Nf4 Qa5 20. Qd2 Rxf4 21. Bxf4
Rf8 22. Rh3 Rf5 23. Ke2 Qa4 24. Be3 Be8 25. Ra2 Bg6 26. Rf3 Rxf3 27. Kxf3 Ne7
28. Ke2 Nf5 29. Qe1 Nxe3 30. Kxe3 Bxc2 31. Qe2 Bf5 32. f3 b6 33. g4 hxg4 34.
fxg4 Bd3 35. Qf2 Qd1 36. g5 Qc1+ 37. Rd2 hxg5 38. Kf3 Qh1+ 39. Kg3 Be4 0-1

[Event "Madrid ch 2018 - semifinal"]
[Site "Madrid ESP"]
[Date "2018.05.07"]
[Round "3.18"]
[White "Anton Quevedo, Andrea"]
[Black "Garcia Dorado, Alberto"]
[Result "0-1"]
[WhiteElo "1943"]
[BlackElo "2129"]
[PlyCount "68"]
[EventDate "2018.05.05"]
[EventType "swiss"]
[EventRounds "9"]
[EventCountry "ESP"]
[SourceTitle "Ajedrez en Madrid"]
[Source "lmi"]
[SourceDate "2018.05.05"]
[SourceVersion "1"]
[SourceVersionDate "2019.03.14"]
[SourceQuality "1"]

1. e4 e6 2. d4 d5 3. Bd3 dxe4 4. Bxe4 Nf6 5. Bf3 c5 6. Be3 Nd5 7. Bxd5 Qxd5 8.
Nf3 cxd4 9. Bxd4 Nc6 10. Bc3 Qxd1+ 11. Kxd1 f6 12. a3 Bc5 13. Ke2 e5 14. b4 Bb6
15. Bb2 Bg4 16. Nbd2 Nd4+ 17. Kf1 Nxc2 18. Rc1 Bf5 19. Ke2 Rd8 20. Ne1 Nxe1 21.
Rhxe1 Bxf2 22. Kxf2 Rxd2+ 23. Re2 Rxe2+ 24. Kxe2 Kd7 25. Bc3 Be4 26. g3 Ke6 27.
Bd2 Bc6 28. Be3 a6 29. Bb6 g5 30. g4 h5 31. h3 hxg4 32. hxg4 Rh2+ 33. Bf2 Rh3
34. Be3 Rg3 0-1

[Event "Madrid ch 2018 - semifinal"]
[Site "Madrid ESP"]
[Date "2018.05.07"]
[Round "3.19"]
[White "Gonzalez Rivera, Eduardo"]
[Black "Vazquez Gonzalez, Jesus"]
[Result "1-0"]
[WhiteElo "2047"]
[BlackElo "1977"]
[PlyCount "51"]
[EventDate "2018.05.05"]
[EventType "swiss"]
[EventRounds "9"]
[EventCountry "ESP"]
[SourceTitle "Ajedrez en Madrid"]
[Source "lmi"]
[SourceDate "2018.05.05"]
[SourceVersion "1"]
[SourceVersionDate "2019.03.14"]
[SourceQuality "1"]

1. e4 e5 2. Nf3 Nc6 3. Bb5 a6 4. Bxc6 dxc6 5. O-O Bg4 6. h3 h5 7. d3 Qf6 8. Be3
Ne7 9. Nbd2 Ng6 10. Re1 c5 11. hxg4 hxg4 12. Nh2 Qh4 13. Ndf1 O-O-O 14. Qxg4+
Qxg4 15. Nxg4 Be7 16. g3 Rh7 17. Kg2 Rf8 18. Nd2 f5 19. exf5 Rxf5 20. Rh1 Rxh1
21. Rxh1 Nf4+ 22. gxf4 exf4 23. Ne4 fxe3 24. Nxe3 Rf7 25. Rh7 c6 26. Ng4 1-0

[Event "Madrid ch 2018 - semifinal"]
[Site "Madrid ESP"]
[Date "2018.05.07"]
[Round "3.20"]
[White "Spitzer Isbert, Ramon"]
[Black "Perez Cameselle, Francisco"]
[Result "1/2-1/2"]
[WhiteElo "2019"]
[BlackElo "1795"]
[PlyCount "74"]
[EventDate "2018.05.05"]
[EventType "swiss"]
[EventRounds "9"]
[EventCountry "ESP"]
[SourceTitle "Ajedrez en Madrid"]
[Source "lmi"]
[SourceDate "2018.05.05"]
[SourceVersion "1"]
[SourceVersionDate "2019.03.14"]
[SourceQuality "1"]

1. g3 e5 2. Bg2 Nf6 3. c4 d5 4. cxd5 Nxd5 5. Nc3 Nxc3 6. bxc3 Bc5 7. Nf3 Nc6 8.
O-O O-O 9. Rb1 Rb8 10. Rb5 Bd6 11. d3 a6 12. Rb1 Be6 13. Qa4 Be7 14. h4 h6 15.
Rd1 Qe8 16. Ne1 Bd7 17. Rd2 Bd6 18. Qd1 f5 19. Rdb2 b6 20. Bd5+ Be6 21. Qb3
Bxd5 22. Qxd5+ Kh7 23. Be3 Ne7 24. Qf3 f4 25. Qe4+ Qg6 26. Qxg6+ Nxg6 27. h5
Ne7 28. gxf4 exf4 29. Bd2 Nd5 30. Nf3 Nf6 31. Kg2 Rbe8 32. Nd4 Nxh5 33. Kf3 Bc5
34. Rh1 Nf6 35. Be1 Bxd4 36. cxd4 Nd5 37. Rc2 Re6 1/2-1/2

[Event "Madrid ch 2018 - semifinal"]
[Site "Madrid ESP"]
[Date "2018.05.08"]
[Round "4.1"]
[White "Perez Gonzalez, Jose Manuel"]
[Black "Iagar, Razvan-Gabriel"]
[Result "1/2-1/2"]
[WhiteElo "2252"]
[BlackElo "2213"]
[PlyCount "58"]
[EventDate "2018.05.05"]
[EventType "swiss"]
[EventRounds "9"]
[EventCountry "ESP"]
[SourceTitle "Ajedrez en Madrid"]
[Source "lmi"]
[SourceDate "2018.05.05"]
[SourceVersion "1"]
[SourceVersionDate "2019.03.14"]
[SourceQuality "1"]

1. e4 e6 2. d4 d5 3. Nc3 Nf6 4. e5 Nfd7 5. f4 c5 6. Nf3 Nc6 7. Be3 a6 8. Qd2 b5
9. dxc5 Bxc5 10. Bd3 Qb6 11. Bf2 Bb7 12. a3 Rc8 13. O-O Bxf2+ 14. Rxf2 Qc5 15.
Re1 g6 16. Kh1 Nb6 17. Rff1 Nc4 18. Bxc4 Qxc4 19. Ne2 a5 20. Ned4 b4 21. Nxc6
Bxc6 22. axb4 axb4 23. Nd4 Bd7 24. Ra1 O-O 25. b3 Qc5 26. Ra2 Ra8 27. Rfa1 Rxa2
28. Rxa2 Rb8 29. h3 Qb6 1/2-1/2